000 01241cam a2200361 a 4500
003 CHAP
005 20220329142339.0
008 000830d1999 ar r 10100 spa d
010 _a82133
011 _a83105
035 _a93614
040 _cCHAP
082 0 4 _a633.34
_bM3
100 0 0 _aMassaro, R. A.
_ecomp.
_972813
245 1 0 _aSoja
_c/comp. por R.A. Massoro, M. Fior y M. Fernández Alsina
260 _aSanta Fé, Argentina :
_bInstituto Nacional de Tecnología Agropecuaria. Estación Agropecuaria Oliveros,
_c1999.
300 _a98 p. :
_bgráfs.
590 _aBATCH-UPD
_b10
_c20130110
_lUCH01
_h0438
590 _aBATCH-UPD
_b10
_c20130410
_lUCH01
_h0113
590 _aBATCH-UPD
_b10
_c20130914
_lUCH01
_h1356
590 _aCONVERSION
_b10
_c20130109
_lUCH01
_h1346
650 1 4 _aFertilizantes
_xEfecto en soya.
_940552
650 1 4 _aSoya
_xEnfermedades.
_9109044
650 1 4 _aSoya
_xMalas hierbas
_xControl.
_9109068
650 1 4 _aSoya
_xSemilla.
_9109087
650 1 4 _aSoya
_xVariedades.
_9109096
700 0 _aFernández Alsina, M.
_ecomp.
_940116
700 0 _aFior, M.
_ecomp.
_941025
901 _aBK
905 _aLilia Sánchez G.
942 _cLIBRO
949 _a633.34 M3
_bBC
_cLIBRO
_d33724000788261
_eLIBRO
_h98567
_i93614
_si
999 _c82133
_d82133